Celebrities Involved in Wrestlemania - Picture Quiz - Statistics

General Stats
  • This quiz has been taken 140 times
  • The average score is 13 of 21
Answer Stats
Picture Hint Answer % Correct
Wrestled 'The Miz' at WM39 Snoop Dogg
97%
Guest Referee at WM1 Muhammad Ali
95%
Involved in the 'Battle of the Billionaires' at WM23 Donald Trump
93%
Wrestled in a Battle Royal at WM32 Shaquille O'Neal
80%
Wrestled alongside Hulk Hogan at WM1 Mr. T
75%
Involved in an altercation vs Shawn Michaels at WM14 Mike Tyson
68%
Wrestled alongside Damian Priest at WM37 Bad Bunny
65%
Wrestled against Sami Zayn at WM38 Johnny Knoxville
64%
Helped Logan Paul at WM39 KSI
64%
Wrestled vs The Big Show at WM24 Floyd Mayweather Jr.
61%
Performed in Jey Uso's entrance at WM50 Lil Wayne
56%
Hosted WM24 Kim Kardashian
55%
Valet for Diesel at WM11 Pamela Anderson
55%
Involved in the Battle Royal at WM33 Rob Gronkowski
51%
Wrestled alongside Trish Stratus at WM27 Snooki
50%
Sang 'America the Beautiful' at WM3 Aretha Franklin
47%
Helped Rey Mysterio at WM50 Jason Kelce
44%
Manager of Wendi Richter at WM1 Cyndi Lauper
39%
Manager of The British Bulldogs at WM2 Ozzy Osbourne
39%
Involved in a segment with Chris Jericho at WM25 Mickey Rourke
34%
Involved in altercations vs Kane at WM14, 15, & 16 Pete Rose
29%
No matching quizzes found
Score Distribution
Percent of People with Each Score
Percentile by Number Answered
Your Score History
You have not taken this quiz